| 000 | 00552nam a2200181 a 4500 | ||
|---|---|---|---|
| 005 | 20210219160511.0 | ||
| 008 | 081109s1989 mx r 000 0 spa d | ||
| 035 | _aUPN01000166931 | ||
| 049 | _aUNE | ||
| 080 | _a338 (569.4) =20 KRE No.57. | ||
| 100 | 1 | _aKrevitt Eres, Beth | |
| 245 | 1 | 0 |
_aIsrael in the year 2000 A.D. / _cBeth Krevitt Eres. |
| 260 |
_aParis : _bUNESCO, _c1989. |
||
| 300 | _a111 p. | ||
| 440 | 0 | _aStudies and documents. Major Programme I. Reflection on Wor- | |
| 690 | _aDesarrollo economico y social- Israel | ||
| 905 | _aUNESCO | ||
| 999 |
_c139042 _d139042 |
||